Normal view MARC view
  • Burke, Peter,

Entry Personal Name

Number of records used in: 1

001 - CONTROL NUMBER

  • control field: 59086

003 - CONTROL NUMBER IDENTIFIER

  • control field:

005 - DATE AND TIME OF LATEST TRANSACTION

  • control field: 20220225203826.0

008 - FIXED-LENGTH DATA ELEMENTS

  • fixed length control field: 220225|| aca||aabn | a|a d

040 ## - CATALOGING SOURCE

  • Original cataloging agency:
  • Transcribing agency:

100 ## - HEADING--PERSONAL NAME

  • Personal name: Burke, Peter,
  • Dates associated with a name: 1937-

670 ## - SOURCE DATA FOUND

  • Source citation: Work cat.: ()0: Briggs, Asa, 1921-2016 59084, Storia sociale dei media :, ©2002 - 2010 (3a edizione aggiornata)
CREDITS: SOCIETA' SAN PAOLO Via A.Severo, 58 - ROMA (RM) & PERIODICI SAN PAOLO SRL Via Giotto, 36 MILANO & CISF Via Giotto, 36 MILANO & EDIZIONI SAN PAOLO SRL,  Piazza Soncino, 5 CINISELLO BALSAMO (MI) -- ITALY